| 000 | 00388pab a2200145 454500 | ||
|---|---|---|---|
| 008 | 180718b1985 xxu||||| |||| 00| 0 eng d | ||
| 100 | _aTrivizas, Eugehe | ||
| 245 | _aCrowd dynamics and the prevention and control of collective disorders | ||
| 260 | _c1985 | ||
| 300 | _a142-63 | ||
| 362 | _aApr.-June | ||
| 650 | _aLaw Enforcement - U.K. | ||
| 773 | _aPolice Journal | ||
| 909 | _a12352 | ||
| 999 |
_c12352 _d12352 |
||